00976 a2200193 4500003000500000005001700005010001300022040000900035082001100044100002800055245006100083260002900144300002100173490001000194505048400204538003000688600002800718650003600746Nust20170207153411.0 a79118050 cNust a355.02 aMichael Elliott-Bateman aThe Fourth dimension of warfarecMichael Elliott-Bateman aPraegerbNew York,c1970 axi, 181 pb22 cm vVol-1 aS G F Brandon (page-1) MRD Foot Special Operation /1(Page-19) MRD Foot Special Operation /2 (apge-35) Donald McLachlan Intelligence : The Common Denominator / 1(Page-52) Donald McLachlan Intelligence : The Common Denominator /2(Page-2)Major – General Sir Colin Gubbins (Page-83) Henri Raymond Alias Cesar Experiences of an SOE Agent in France (Page-111) Michael Elliott- Bateman The Nature of People War(page-127) Michael Elliott- Bateman The Form of People War (Page-153)  aAlmirah No.52, Shelf No.6 aMichael Elliott-Bateman aThe Fourth dimension of warfare